Le Jeudi-Saint /

Đã lưu trong:
Chi tiết về thư mục
Tác giả chính: Mauriac, François (autor)
Định dạng: Sách
Ngôn ngữ:Tiếng Pháp
Được phát hành: Río de Janeiro, Brasil : Americ=Edit, 1931, c1931
Những chủ đề:
Các nhãn: Thêm thẻ
Không có thẻ, Là người đầu tiên thẻ bản ghi này!

MARC

LEADER 00000nam^a2200000^a^4500
001 000321233
005 20250521000000.0
008 081126 19311931
009 20260310113537.071
037 |a Acervo ITESO - Biblioteca 
041 |a FRA 
082 |a 263. 92  |b MAU 
100 |a Mauriac, François  |e (autor) 
240 1 4 |a [El Jueves Santo] 
245 1 3 |a Le Jeudi-Saint /  |c F. Mauriac. 
264 4 |a Río de Janeiro, Brasil :  |b Americ=Edit,  |c 1931, c1931 
300 |a 161 p. 
336 |a texto  |b txt  |2 rdacontenido 
337 |a sin mediación  |b n  |2 rdamedio 
338 |a volumen  |b nc  |2 rdasoporte 
545 0 |a Nacido en Burdeos y muerto en París, el escritor François Mauriac (1885-1970) es considerado como un agudo observador del ámbito regionalista y un pintor descontento de la sociedad burguesa, que creó -entre otros títulos- Thérèse Desqueyroux, El mico, El desierto del amor, El cordero, Nudo de víboras, El beso al leproso, La parisina, Vida de Jesús y Memorias interiores. Ser uno de los grandes representantes de la narrativa católica del siglo XX, no le impidió comprometerse con causas comúnmente asociadas con la izquierda, como la República española, la resistencia francesa durante la Segunda Guerra Mundial y la defensa de Argelia durante la guerra de independencia de dicho país. Obtuvo el Premio Nobel de Literatura en 1952. 
586 |a Premio Nobel de Literatura 1952 
649 |a XX 
650 |a Jesucristo -  |x Pasión -  |x Tema Principal 
650 |a Jueves Santo -  |x Tema Principal 
650 |a Semana Santa 
650 |a Liturgia 
650 |a Literatura Francesa -  |y Siglo XX 
650 |a Literatura Religiosa -  |z Francia 
650 |a Catolicismo 
650 |a Cristianismo 
650 |a Religión 
910 |a Fondo Ignacio Díaz Morales 
920 |a Impresos - Libros 
930 |a Arquitectos Jaliscienses 
905 |a 114 
901 |a 0500208462  |b IT1  |c JAL  |i D58105  |u 20250521 
902 |a https://opac.biblio.iteso.mx/vufind/Record/000321233